000 00232nam a22000977a 4500
082 _a620.1 TIM
245 _aEngineering mechanics
_cTimoshenko, Stephen
260 _aNew York
_bMcGraw-Hill
_c1956
590 _a.....
942 _2ddc
_cBK
999 _c617044
_d617044